000 00351nam a22001457a 4500
008 210303b ||||| |||| 00| 0 eng d
020 _a9780132893503
041 _aeng
080 _22nd
_a004
082 _a004
100 _a28
101 _aSHKI
245 _aDigital Audio, Video, Imaging and Multimedia Programming
_cWong, Y.L
942 _2udc
_cBK
999 _c55560
_d55560